Saint Etienne: Complete Discography - Statistics

General Stats
  • This quiz has been taken 2 times
  • The average score is 39 of 167
Answer Stats
Song names % Correct
Etienne Gonna Die
100%
Hobart Paving
100%
Mario's Cafe
100%
Action
50%
A Good Thing
50%
Angel
50%
Avenue
50%
Been So Long
50%
Boy Scouts of America
50%
Brand New Me
50%
Burnt Out Car
50%
Calico
50%
Carnt Sleep
50%
Celestial
50%
Chicken Soup
50%
Conchita Martinez
50%
Cool Kids of Death
50%
Date with Spelman
50%
Down by the Sea
50%
Dutch TV
50%
Ellar Carr
50%
Erica America
50%
Finisterre
50%
Fonteyn
50%
Former Lover
50%
Glad
50%
Goodnight
50%
Goodnight Jack
50%
Half Light
50%
Heart Failed
50%
Hug My Soul
50%
I Was Born on Christmas Day
50%
Join Our Club
50%
Language Lab
50%
Last Orders
50%
Leafhound
50%
Like a Motorway
50%
Lonesome
50%
Lose That Girl
50%
Marble Lions
50%
Milk Bottle Symphony
50%
Mr. Donut
50%
Nothing Can Stop Us
50%
Only Love Can Break Your Heart
50%
On the Shore
50%
People Get Real
50%
Pond House
50%
Postman
50%
Railway Jam
50%
Settle In
50%
Shad Thames
50%
Shower Scene
50%
Side Streets
50%
Slow Down At The Castle
50%
Soft Like Me
50%
Sometimes in Winter
50%
Split Screen
50%
Spring
50%
Star
50%
Stormtrooper in Drag
50%
Sun In My Morning
50%
Sycamore
50%
Sylvie
50%
Take Me To The Pilot
50%
Teenage WInter
50%
The Bad Photographer
50%
The Place at Dawn
50%
The Process
50%
The Sea
50%
This Is Radio Etienne
50%
Urban Clearway
50%
Wilson
50%
Wonderlight
50%
Wood Cabin
50%
You're in a Bad Way
50%
After Hebden
0%
Alone Together
0%
Amateur
0%
Angel of Woodhatch
0%
Answer Song
0%
Aspects of Lambert
0%
B92
0%
Blue Kite
0%
Boy Is Crying
0%
Breakneck Hill
0%
Broad River
0%
Church Pew Furniture Restorer
0%
Clock Milk
0%
Dancing Heart
0%
Dilworth's Theme
0%
Dive
0%
DJ
0%
Don't Back Down
0%
Downey CA
0%
Dream Lover
0%
Fade
0%
Girl VII
0%
Gold
0%
Haunted Jukebox
0%
Heading For The Fair
0%
Hear My Heart
0%
Heather
0%
Here Come the Clown Feet
0%
He's Gone
0%
He's on the Phone
0%
How We Used to Live
0%
I'm Falling
0%
I Remember It Well
0%
I Threw It All Away
0%
I've Got Your Music
0%
Junk the Morgue
0%
Just a Little Overcome
0%
Kiss and Make Up
0%
Last Days Of Disco
0%
Late Morning
0%
Lightning Strikes Twice
0%
Like the Swallow
0%
Little K
0%
London Belongs to Me
0%
Magpie Eyes
0%
Memo to Pricey
0%
Music Again
0%
New Thing
0%
Nightingale
0%
No Rainbows for Me
0%
Northern Counties East
0%
No Rush
0%
Oh My
0%
Out of My Mind
0%
Over The Border
0%
Pale Movie
0%
Penlop
0%
Popmaster
0%
Popular
0%
Preflyte
0%
Public Information Film
0%
Record Doctor
0%
Save It For A Rainy Day
0%
She's the One
0%
Something New
0%
Sports Report
0%
Stars Above Us
0%
Stoned to Say the Least
0%
Stop and Think It Over
0%
Summerisle
0%
Sweet Arcadia
0%
Sweet Melodies
0%
Take It All In
0%
The Go Betweens
0%
The Last Time
0%
The More You Know
0%
The Reunion
0%
The Way We Live Now
0%
Through The Glass
0%
Tonight
0%
Train Drivers in Eyeliner
0%
Twenty Five Years
0%
Two Lovers
0%
Underneath the Apple Tree
0%
Unopened Fan Mail
0%
What Kind of World
0%
When I Was Seventeen
0%
When You Were Young
0%
Who Do You Think You Are
0%
Why Are You Calling
0%
Whyteleafe
0%
Winter Melody
0%
No matching quizzes found
Score Distribution
Percent of People with Each Score
Percentile by Number Answered
Your Score History
You have not taken this quiz